Úspory občanov sa môžu stať významným prostriedkom oživenia slovenského kapitálového trhu Kapitálový trh
Legislatívne zmeny určia smer ďalšieho vývoja kapitálového trhu. Povinná dematerializácia cenných papierov. Zvýšenie transparentnosti kapitálového trhu na Slovensku. Potlačenie neorganizovaného trhu. Kapitálový trh zrkadlo ekonomiky.
Saved in:
| Main Author: | |
|---|---|
| Format: | Book Chapter |
| Language: | Slovak |
| Subjects: | |
| Tags: |
No Tags, Be the first to tag this record!
|
MARC
| LEADER | 00000naa a2200000 4500 | ||
|---|---|---|---|
| 001 | r017631 | ||
| 005 | 20221213101155.5 | ||
| 041 | 0 | |a slo | |
| 044 | |a SK | ||
| 245 | 1 | 0 | |a Úspory občanov sa môžu stať významným prostriedkom oživenia slovenského kapitálového trhu |b Kapitálový trh |c M. Sásik |
| 520 | |a Legislatívne zmeny určia smer ďalšieho vývoja kapitálového trhu. Povinná dematerializácia cenných papierov. Zvýšenie transparentnosti kapitálového trhu na Slovensku. Potlačenie neorganizovaného trhu. Kapitálový trh zrkadlo ekonomiky. | ||
| 610 | 2 | 0 | |a trh kapitálový |
| 610 | 2 | 0 | |a Slovensko |
| 610 | 2 | 0 | |a legislatíva |
| 610 | 2 | 0 | |a zákony |
| 610 | 2 | 0 | |a papiere cenné |
| 610 | 2 | 0 | |a úspory obyvateľstva |
| 610 | 2 | 0 | |a investovanie |
| 100 | 1 | |a Sásik, M. | |